书目信息 |
| 题名: |
哈贝马斯政治思想研究
|
|
| 作者: | 季乃礼 著 | |
| 分册: | ||
| 出版信息: | 天津 天津人民出版社 2007 |
|
| 页数: | 261页 | |
| 开本: | 21cm | |
| 丛书名: | 南开大学政治学学术丛书 | |
| 单 册: | ||
| 中图分类: | D095.166 | |
| 科图分类: | ||
| 主题词: | 政治思想 | |
| 电子资源: | ||
| ISBN: | 978-7-201-05370-7 | |
| 000 | 00948oam2 2200277 450 | |
| 001 | 1253118343 | |
| 005 | 20121004144635.82 | |
| 010 | @a978-7-201-05370-7@dCNY22.00 | |
| 100 | @a20070319d2007 em y0chiy50 ea | |
| 101 | 0 | @achi |
| 102 | @aCN@b120000 | |
| 105 | @ay z 000yy | |
| 200 | 1 | @a哈贝马斯政治思想研究@Aha bei ma si zheng zhi si xiang yan jiu@f季乃礼著 |
| 210 | @a天津@c天津人民出版社@d2007 | |
| 215 | @a261页@d21cm | |
| 225 | 2 | @a南开大学政治学学术丛书 |
| 300 | @a2002年度国家基金青年项目 | |
| 330 | @a本书论述了哈贝马斯政治思想的源流、当代社会的批判思想,以及如何解决当代社会的弊端、实现政治理想等。 | |
| 461 | 0 | @12001 @a南开大学政治学学术丛书 |
| 600 | 0 | @a哈贝马斯@c(Habermas, Jurgen@f1929~)@x政治思想@x研究 |
| 600 | 0 | @a哈贝马斯@c(Habermas, Jurgen@f1929~) |
| 606 | 0 | @a政治思想 |
| 690 | @aD095.166@v4 | |
| 701 | 0 | @a季乃礼@Aji nai li@f(1970~)@4著 |
| 801 | 0 | @aCN@bNLC@c20101222 |
| 905 | @a10447@dD095.166@eJY105 | |
| 哈贝马斯政治思想研究/季乃礼著.-天津:天津人民出版社,2007 |
| 261页;21cm.-(南开大学政治学学术丛书) |
| 2002年度国家基金青年项目 |
| ISBN 978-7-201-05370-7:CNY22.00 |
| 本书论述了哈贝马斯政治思想的源流、当代社会的批判思想,以及如何解决当代社会的弊端、实现政治理想等。 |
| ● |
| 相关链接 |
|
|
|
|
正题名:哈贝马斯政治思想研究
索取号:D095.166/JY105
 
预约/预借
| 序号 | 登录号 | 条形码 | 馆藏地/架位号 | 状态 | 备注 |
| 1 | 7811427 | 278114274 | 学院路分馆/ [索取号:D095.166/JY105] | 在馆 | |
| 2 | 7811428 | 278114283 | 学院路分馆/ [索取号:D095.166/JY105] | 在馆 |